000 00731nam a2200253 a 4500
001 73799
003 BD-RjUL
005 20211209082440.0
008 170612r19591957enka 001 0 eng d
035 _a(BD-RjUL)74017
040 _aDLC
_cODaWU
_dOCoLC
_dBD-RjUL
_beng
041 _aeng
082 _a547
_223
_bHIR 1959
100 1 _aHickinbottom, Wilfred John.
_9218522
245 1 0 _aReactions of Organic Compounds /
_cby Wilfred John Hickinbottom
250 _a3rd ed.
260 _aLondon :
_bLongmans,
_c1957, 1959.
300 _axi, 608 p. :
_bill. ;
_c23 cm.
500 _aIncludes Index.
650 0 _aChemistry, Organic
_9218523
650 0 _aChemical reactions.
_9218524
942 _2ddc
_cBK
999 _c73799
_d73799